| 000 | 00566nam a2200181Ia 4500 | ||
|---|---|---|---|
| 003 | GCL | ||
| 008 | 140319s9999 xx 000 0 ara d | ||
| 040 |
_aGCL / _cGCL |
||
| 082 | 0 | 4 |
_a818.03 _bم م |
| 100 | 1 | _aمصطفى بهجت بدوى | |
| 245 | 1 | 0 |
_aمن مذكرات رئيس التحرير (هديه من الآديب عبدالفتاح الجمل) / _cمصطفى بهجت بدوى |
| 300 | _a327 | ||
| 490 |
_aمطبوعات الشعب _v0 |
||
| 650 | 0 | 4 | _aالادب العربى |
| 650 | 0 | 4 | _aالادب |
| 650 | 0 | 4 | _aالمذكرات |
| 942 |
_2ddc _cBK |
||
| 999 |
_c40585 _d40585 |
||